000 00410nam a22001337a 4500
999 _c129913
_d129913
008 191016b ||||| |||| 00| 0 eng d
050 _aB1618.C74 D6
100 _aDonagan, Alan
_948324
245 _aThe later philosophy of R.G. Collingwood
_cAlan Donagan
260 _aClarendon Press
_bOxford
_c1962
300 _axi, 332p. ;
_c22cm.
600 _aCollingwood, robin George
_928001
942 _2lcc
_cMONOGRAPH